[Event "Moscow Aeroflot op-A"]
[Site "Moscow"]
[Date "2004.02.25"]
[Round "9"]
[White "Filippov, Valerij"]
[Black "Tregubov, Pavel V"]
[Result "1/2-1/2"]
[WhiteElo "2609"]
[BlackElo "2628"]
[Annotator "Roiz,Michael"]
[PlyCount "116"]
[EventDate "2004.02.17"]
[EventType "swiss"]
[EventRounds "9"]
[EventCountry "RUS"]
[SourceTitle "CBM 100"]
[Source "ChessBase"]
[SourceDate "2004.06.01"]
[SourceVersion "1"]
[SourceVersionDate "2004.06.01"]
[SourceQuality "1"]

1. Nf3 d5 2. d4 c6 3. c4 e6 4. Qc2 dxc4 5. Qxc4 Nf6 6. g3 ({another principal continuation here is:} 6. Bg5) 6... b5 7. Qc2 Bb7 8. Bg2 Nbd7 {Black is ready to play c6-c5-that is usually promise him an easily equality.} 9. Ne5 {A principal move.} ({Black doesn't face any difficulties after:} 9. O-O c5 10. a4 (10. Nc3 a6 11. dxc5 Bxc5 12. Ng5 Bxg2 13. Kxg2 Rc8 14. Nge4 b4 15. Na4 Be7 16. Qd3 Qa5 17. b3 Qb5 $15 {0-1 Szmetan,R-Nielsen,P/Bled 2002/EXT 2003 (29)}) (10. Bg5 Rc8 11. dxc5 Bxc5 12. Qb3 a6 13. Nfd2 Bxg2 14. Kxg2 Be7 15. Bxf6 Nxf6 16. a4 b4 17. Rd1 Qc7 18. Nf3 O-O 19. Nbd2 g6 $15 {0-1 Zlotnik,B-Tregubov,P/Chalkidiki 2002/CBM 92/[Hecht] (57)}) 10... b4 11. Nbd2 Rc8 12. Qd3 Be7 13. b3 cxd4 14. Nxd4 Rc3 $15 {0-1 Fridman,D-Grischuk,A/Mainz 2003/CBM 95 ext (30)}) 9... Qb6 {The main.} ({deserves attention also:} 9... Nxe5 $5 10. dxe5 Nd5 ({but not} 10... Nd7 $6 11. O-O Nxe5 12. Bf4 Nd7 13. Nc3 Qb6 14. a4 Rc8 15. Rfd1 {with dangerous initiative for white.}) 11. Nc3 Be7 12. a4 O-O 13. O-O a6 14. Bd2 c5 15. Ne4 Qc7 16. Bg5 Nb4 17. Qc1 Bxg5 18. Qxg5 h6 19. Nf6+ Kh8 20. Qh5 Bxg2 21. Kxg2 Nc6 22. f4 {½-½ Sherbakov,R-Mahesh Chandran,P/Raipur 2002/CBM 87 ext (22)}) 10. Be3 (10. O-O Rc8 $6 (10... c5 $142 $11) 11. Nxd7 Nxd7 12. Rd1 c5 13. d5 exd5 14. Bxd5 Bxd5 15. Rxd5 $14 {½-½ Tratar,M-Pavasovic,D/Portoroz 1997/EXT 99 (65)}) 10... c5 11. Nxd7 Nxd7 12. Bxb7 Qxb7 13. O-O cxd4 {I don't like that move,since now black couldn't complete his development without e6-e5.} ({more accurate seems to be:} 13... Rc8 $142 14. Rc1 Be7 $1 ({dubious is:} 14... c4 $6 15. a4 a6 16. axb5 axb5 17. Nc3 Bb4 (17... Nf6 18. d5 Nxd5 19. Ra7 Qc6 20. Nxd5 Qxd5 21. Rd1 Qc6 22. Qc3 f6 23. Qa5 $16 {1-0 Kiseleva,N-Zivkovic,V/Antalya 2002/CBM 90 ext (26)}) 18. d5 $1 Bxc3 19. Ra7 Qxd5 20. Rd1 Qf5 21. Qxc3 $40 {1-0 Yakovich,Y-Brodsky,M/Noyabrsk RUS 2003 (24)}) 15. dxc5 Nxc5 16. Nc3 (16. b4 Bf6 17. Nc3 (17. bxc5 Bxa1 18. c6 Qb8 19. Qc5 Bf6 $15 {[%cal Gf6e7]}) 17... Nd7 (17... Na4 $5 18. Nxb5 Rxc2 19. Nd6+ Kd7 20. Nxb7 Rc7 $1 21. Rd1+ Ke7 22. Nc5 Nc3 23. Na6 Nxd1 24. Rxd1 Rd7 $15) 18. Qe4 Qa6 19. Bd4 O-O 20. a4 Rc4 21. Nxb5 Rxb4 $11 {½-½ Raetsky,A-Rasch,H/Biel 1997/CBM 60 ext (42)}) 16... O-O 17. b4 $2 Na4 18. Qe4 Qxe4 19. Nxe4 Bxb4 $17 {0-1 Kiseleva,N-Kosteniuk,A/Kragujevac 2000/CBM 79 ext (23)}) 14. Bxd4 Rc8 ({black doesn't equalize after:} 14... e5 15. Be3 Be7 {½-½ Linskiy,O-Vera,R/Quebec 1997/EXT 98 (15) in view of:} 16. Nc3 O-O 17. Rfd1 $14 {[%csl Rb5,Rd5][%cal Gc2b3]}) 15. Nc3 (15. Qb3 e5 16. Be3 Bc5 17. Nc3 a6 18. Qd5 Qxd5 19. Nxd5 Bxe3 20. Nxe3 $14) 15... e5 $146 {That move is a serious improvement of black's previous play,but probably doesn't promise black a full equality.} (15... b4 $6 16. Qe4 Qxe4 17. Nxe4 f5 (17... a5 $2 18. Rac1 Ra8 19. Rfd1 e5 20. Be3 Be7 21. Rc7 Nf6 22. Nxf6+ Bxf6 23. Bc5 $18 {1-0 Todorov,O-Kosic,D/Leposavic 2003/EXT 2004 (27)}) 18. Ng5 (18. Nd2 e5 (18... Rc2 19. Rfd1 e5 (19... Bc5 $2 20. Rac1 $1) 20. Bxa7 Rxb2 21. e4 $36) 19. Be3 Bc5 20. Bxc5 Rxc5 21. Nb3 $14) 18... e5 19. Bxa7 Be7 20. Be3 h6 21. Nf3 Kf7 22. Rfc1 g5 23. b3 $16 {½-½ Raetsky,A-Sveshnikov,E/Moscow 1994/CBM 45 ext (36)}) 16. Be3 Bb4 17. Qe4 $146 {That allows black to equalize the game by accurate play.} ({white shouldn't afraid of:} 17. Rfd1 Bxc3 18. bxc3 O-O {because after:} (18... Nf6 19. Qf5 O-O 20. Qxe5 Rfe8 21. Qf5 Rxc3 22. Bd4 Rc6 23. Rab1 $14 {[%csl Gd4]}) 19. Qf5 Rfd8 (19... Nb6 20. Qxe5 Nc4 21. Qd4 $14) 20. Rd2 $14 {[%cal Ga1d1] all his pieces are very active and black is not able to exploit weak pawn on c3.}) ({RR} 17. Rfd1 Bxc3 18. bxc3 Nb6 19. Bxb6 Qxb6 20. a4 O-O 21. axb5 Qxb5 22. Rxa7 {½-½ (22) Matamoros Franco,C (2544)-Riazantsev,A (2622) Evora 2006}) 17... Qxe4 18. Nxe4 f5 {Black must attack white's knight,as his bishop doesn't has a stable place.} 19. a3 $1 ({after} 19. Rac1 Ke7 20. a3 Bxa3 21. bxa3 fxe4 {black is not in a danger.}) 19... Be7 20. Nc3 a6 21. Rfd1 {Preventing Ke8-f7-e6.} (21. a4 b4 22. Nd5 Kf7 $1 (22... Nf6 $2 23. Nb6 $1 Rc2 24. Rac1 Rxc1 25. Rxc1 $16) 23. Rac1 Bd6 $11) 21... Nf6 22. Nd5 (22. Bg5 e4 $1 {[%cal Gh7h6]} 23. f3 h6 24. Bxf6 Bxf6 $11) 22... Kf7 23. Nxe7 Kxe7 24. b4 {Creating good spot for e3.} (24. a4 b4 25. Rac1 Rxc1 26. Rxc1 Nd5 27. Rc6 Nxe3 28. fxe3 Rd8 $11 {[%cal Gd8d2]}) 24... Rc6 (24... Rc2 $2 25. a4 Rd8 26. Bc5+ Ke8 27. Rxd8+ Kxd8 28. axb5 axb5 29. Ra8+ (29. Ra7 Nd7 30. Bd6 Ke8 31. Rb7 Rd2 $11) 29... Kd7 30. Ra7+ $16) 25. a4 {White is trying to keep all the rooks on the board,so that is the only way to activate the a1.} Rb8 26. Rd3 ({nothing gives:} 26. axb5 Rxb5 27. Rdc1 Rxc1+ 28. Rxc1 Kd7 $11) 26... Ke6 {Black has consolidated his position,and white cannot avoid simplifications.} 27. Rda3 bxa4 ({only not} 27... Nd5 $6 28. axb5 axb5 29. Bc5 $14 {and white has a clear advantage due to activity of his rooks.}) 28. Rxa4 Nd5 29. Rxa6 ({after} 29. Bc5 Nc7 30. Rd1 Nd5 {the draw is unavoidable.}) 29... Nxb4 30. Ra7 Nc2 $1 {An important win of tempo.Black gets time to defend on g7.} 31. Rc1 Kf6 {[%cal Gb8c8]} 32. f4 {There is no other useful continuations for white.} exf4 33. Bxf4 Rbc8 $11 {[%cal Gc2d4] There is no much material on the board,so white has only a symbolic advantage.} 34. Rd1 g5 35. Bc1 R8c7 {Changing white's active rook.} ({possibly was:} 35... h6 $1 36. Bb2+ Kg6 $11) 36. Rxc7 Rxc7 37. Rd6+ Ke5 38. Rb6 (38. Rh6 f4 39. Rh5 Ke4 40. Rxg5 Nd4 41. Re5+ Kxe5 42. Bxf4+ Kf5 43. Bxc7 Nxe2+ {leads to a clear draw.}) 38... f4 39. gxf4+ (39. Rb5+ Ke4 40. Rxg5 Nd4 {-38.Rh6.}) 39... gxf4 40. Rb5+ Ke4 41. Bb2 f3 $11 {Now there is only ''h'' pawns on the board,so the draw is unavoidable-black should only improve the placement of his knight.} (41... Re7 42. Kf2 Ne3 43. Rb4+ Kf5 44. Kf3 Nd5 $11) 42. Re5+ Kf4 43. Kf2 fxe2 44. Rxe2 Kf5 45. Re5+ Kg6 46. h4 {That game was played in last round,and Valerij wanted to win this game at any cost in order to win the tournament-that is the only explanation of the rest moves.} Rd7 47. h5+ Kf7 48. Kg3 Nd4 49. Kg4 Ne6 {Finally,the knight is safe!} 50. Rf5+ Kg8 51. Rb5 Rc7 52. Rb4 Rc5 53. Ra4 Rg5+ 54. Kh4 Rc5 55. Ba3 Rd5 56. Ra8+ Rd8 57. Ra6 Rd4+ 58. Kg3 Ng7 (58... Ng7 59. Ra8+ Kf7 60. Ra7+ Kg8 61. Rxg7+ Kxg7 62. Bb2 Kh6 63. Bxd4 Kxh5 $11) 1/2-1/2

[Event "Sinquefield Cup 6th"]
[Site "Saint Louis"]
[Date "2018.08.18"]
[Round "1"]
[White "Mamedyarov, Shakhriyar"]
[Black "So, Wesley"]
[Result "1-0"]
[WhiteElo "2801"]
[BlackElo "2780"]
[Annotator "Krasenkow,Michal"]
[PlyCount "101"]
[EventDate "2018.08.18"]
[EventType "tourn"]
[EventRounds "9"]
[EventCountry "USA"]
[EventCategory "22"]
[SourceTitle "CBM 186"]
[Source "ChessBase"]
[SourceDate "2018.09.14"]
[SourceVersion "1"]
[SourceVersionDate "2018.09.14"]
[SourceQuality "1"]

1. d4 Nf6 2. c4 e6 3. Nf3 d5 4. Bg5 Be7 5. e3 O-O 6. Qc2 {A rare move order. White delays the development of his b1 knight: it will come out to c3 or d2, depending on the situation. More common moves:} (6. Nc3 {(which leads to a normal Queens Gambit Declined)}) (6. Bd3 {but after} dxc4 {Black gains a tempo}) (6. Nbd2 {, to which} Nbd7 {, followed by ...b7-b6 or ...c7-c5, is rather satisfactory for Black.}) 6... h6 (6... Nbd7 7. Nc3 {- D61, a well-known line. However, it hardly suits those who play the Tartakower System.}) 7. Bxf6 (7. Bh4 b6 8. cxd5 Nxd5 9. Bxe7 Qxe7 10. Nc3 Bb7 $11 {- D58}) 7... Bxf6 8. h4 $5 {This strategy (an early kingside attack) has recently become popular in the Tartakower system.} (8. Nc3 {- D55}) 8... g6 (8... c5 9. g4 $1 Nc6 10. g5 Nb4 11. Qd2 hxg5 12. hxg5 Bxg5 13. dxc5 a5 14. a3 Nc6 15. Nc3 $16 {1-0 (27) Li,S (2512)-Wu,X (2257) Wuxi 2016}) 9. Nc3 ({RR} 9. g4 Bg7 10. g5 h5 11. Nc3 c5 12. O-O-O Nc6 13. Kb1 cxd4 14. exd4 Qa5 15. a3 Rd8 16. Bd3 dxc4 17. Bxc4 Nxd4 18. Nxd4 Rxd4 19. Rxd4 Bxd4 20. Rd1 Bxc3 21. Qxc3 Qxc3 22. Rd8+ Kg7 23. bxc3 b6 {Andreikin,D (2710)-Rustemov,A (2525) chess.com INT 2026 ½-½ (55)}) 9... c5 {A logical counterblow in the centre in reply to a flank attack.} (9... c6 {looks solid but White keeps the initiative:} 10. O-O-O (10. g4 Bg7 11. O-O-O (11. Ne5 Nd7 12. f4 Nxe5 13. fxe5 c5 14. O-O-O cxd4 15. exd4 Bd7 16. g5 h5 17. Rh2 Qa5 18. Kb1 dxc4 19. Bxc4 Rac8 $132 {1/2 (41) Hakobyan,A (2545)-Poghosyan,S (2301) Yerevan ARM 2018}) 11... Nd7 12. Kb1 Re8 13. Bd3 dxc4 14. Bxc4 b5 15. Bd3 Bb7 16. Ne4 Qe7 17. g5 h5 18. Rhg1 c5 19. dxc5 Rec8 $132 {0-1 (40) Kanep,M (2492)-Zumsande,M (2490) Finland 2016}) 10... Nd7 11. e4 (11. Kb1 Bg7 12. Bd3 a6 13. cxd5 cxd5 14. e4 dxe4 15. Bxe4 Qb6 16. g4 Rd8 17. Na4 Qa5 18. g5 h5 19. Nc5 Rb8 $13 {0-1 (58) Jakovenko,D (2738)-Bacrot,E (2704) Montpellier 2015}) 11... Bg7 12. h5 (12. cxd5 $5 cxd5 13. e5 a6 14. Bd3 b5 15. Kb1 Bb7 16. Ne2 Qe7 17. Nf4 Rfc8 18. Qe2 b4 19. Rc1 a5 20. Bb5 $14 {1-0 (43) Lerner,K (2525)-Polovodin,I (2435) Tallinn (Estland) 1983}) 12... g5 13. Kb1 g4 {, and now White should have played} 14. Nh4 $36 ({instead of} 14. Nh2 c5 15. dxc5 d4 16. Nb5 Nxc5 17. e5 Bxe5 18. Nxg4 Bg7 $13 {0-1 (46) Kanep,M (2531)-Akobian,V (2618) Caleta 2011})) ({RR} 9... Bg7 10. O-O-O c6 11. g4 Nd7 12. g5 h5 13. Kb1 Qe7 14. cxd5 exd5 15. Bd3 Nb6 16. Rc1 Be6 17. Ne2 Bg4 18. Nh2 Bxe2 19. Qxe2 Rac8 20. f4 Rfe8 21. Rhe1 Nc4 22. Bxc4 dxc4 23. Qxc4 Qe4+ 24. Qc2 {Carlsen,M (2872)-Abdusattorov,N (2635) Moscow 2019 ½-½ (51)}) 10. dxc5 dxc4 $146 ({RR} 10... Qa5 11. h5 g5 12. cxd5 exd5 13. O-O-O Bxc3 14. Qxc3 Qxc3+ 15. bxc3 Be6 16. c4 Rc8 17. Nd4 Nd7 18. Kb2 Nf6 19. cxd5 Bxd5 20. f3 Rxc5 21. e4 Be6 22. Bb5 Kf8 23. Ba4 Ke7 24. Rd2 Rac8 25. Rhd1 {Andreikin,D (2729)-Pridorozhni,A (2486) Sochi RUS 2023 ½-½ (59)}) ({RR} 10... Qa5 11. h5 g5 12. cxd5 exd5 13. O-O-O Bxc3 14. Qxc3 Qxc3+ 15. bxc3 Be6 16. c4 Rc8 17. Nd4 Nd7 18. Kb2 Nf6 19. cxd5 Bxd5 20. f3 Rxc5 21. e4 Be6 22. Bb5 Kf8 23. Ba4 Ke7 24. Rd2 Rac8 25. Rhd1 {Andreikin,D (2729)-Pridorozhni,A (2486) Sochi RUS 2023 ½-½ (59)}) 11. h5 g5 12. Bxc4 Qa5 13. Rc1 (13. O-O $5 Bxc3 14. bxc3 Qxc5 15. Qe4 {looks more promising. After the possible} Qc6 (15... Nd7 $6 16. Bxe6 $1) 16. Qd3 Nd7 17. Rfd1 {White keeps some pressure.}) 13... Nd7 $6 (13... Qxc5 $142 {then developing the knight to c6, and Black should equalise.}) 14. O-O Bxc3 (14... Nxc5 15. Nd4 $36) (14... Qxc5 $5 15. Ne4 Qa5) 15. Qxc3 Qxc3 16. Rxc3 Nxc5 17. Ne5 $14 {Wtite has the better prospects here, due to his development advantage and weakness of Black's kingside.} b6 18. f4 Ne4 $6 {Black pushes White's rook to a more active position.} (18... a5 $142 $14) 19. Rd3 $16 {[%csl Gd3]} Ng3 $6 {This is senseless but it is not easy to find a good move.} ({Maybe} 19... Rb8 {recommended by chesspro.ru, was the lesser evil.}) 20. Rf3 Ne4 21. Rd4 Bb7 22. f5 $1 $40 Nf6 23. Rf1 Rae8 24. fxe6 fxe6 25. Ng6 Rf7 26. Ne5 Rff8 27. Rd6 Bd5 28. Rxf6 Rxf6 29. Bxd5 exd5 30. Rxf6 Rxe5 31. Rxh6 {[%mdl 4096] As a result of White's attack, he has won a pawn.} Rxe3 32. Rg6+ Kh7 33. Rxg5 $6 (33. Kf2 $1 Re5 34. Kf3 {(recommended by chesspro.ru), with the idea of g2-g3 and f3-g4, and Black can hardly survive, e.g.} d4 (34... Rf5+ 35. Kg4 Rf2 36. g3 Rxb2 37. Kxg5 Rxa2 38. h6 $18) (34... b5 35. b4 $1) 35. Rd6 Re3+ 36. Kg4 d3 37. a4 $1 Re2 38. g3 $1 {(chesspro.ru), and White should win.}) 33... Re2 34. Rxd5 Rxb2 35. Kh2 {White gives his material advantage back but prepares the advance of his pawns. They will be stronger than Black's pawns as they are supported by White's king. However, this advantage proves insufficient for a victory.} (35. a4 Kh6 $1 36. Kh2 Ra2 37. Kh3 Rxa4 38. g4 Ra1 {- see below}) (35. g4 Rxa2 36. g5 Ra5 $1 37. Rd7+ Kg8 $11) 35... Rxa2 36. Kh3 a5 $2 {But this is wrong. Black should have stopped White's pawns:} (36... Kh6 $1 {[%cal Ra2a5]} 37. g4 Ra1 $1 {(indicated by chesspro.ru), e.g.} 38. Kh4 (38. Rd6+ Kg5 39. Rg6+ Kf4 40. h6 Rh1+ 41. Kg2 Rh4 42. g5 b5 43. Rg7 b4 44. h7 b3 45. g6 Kf5 {and White has no time to queen his pawns}) 38... Rh1+ 39. Kg3 Rg1+ 40. Kf3 Rf1+ 41. Kg2 Rc1 42. Rd6+ Kg5 43. Rg6+ Kf4 44. h6 Rc2+ 45. Kh3 Rc1 46. Kg2 Rc2+ 47. Kf1 a5 48. g5 Rh2 {, and White can't win.}) 37. g4 a4 (37... Kh6 38. Kh4 Rh2+ 39. Kg3 Rc2 40. Rd6+ $18) 38. g5 a3 39. Rd7+ Kg8 40. Rd8+ Kh7 41. Rd7+ Kg8 42. Rd8+ Kh7 43. g6+ Kh6 44. Rh8+ Kg7 45. Rh7+ Kg8 46. Ra7 Ra1 47. Kg2 {[%cal Rh5h6]} Rc1 48. h6 Rc8 49. Rxa3 b5 50. Ra7 Rb8 51. Kg3 (51. Kg3 b4 52. h7+ Kh8 53. Kg4 (53. Rf7 {(threatening 54.g7+ xh7 55.f8)} Rc8 54. Rb7 {is winning, too}) 53... b3 54. Kg5 b2 55. Kh6 $18) 1-0